Religion Quiz

Random Religion or Bible Quiz

16 Little Bible Character Pictograms Quiz Stats

 Plays Quiz Updated Jul 29, 2019

Score 0/16 Timer 06:00
0 Plays Today
Hint Answer % Correct
Abraham
95.5%
Peter
91.8%
Noah
91.5%
Mark
89.5%
Cain
88.3%
Samson
87.4%
Ram
86.3%
Ruth
85.6%
Hint Answer % Correct
Levi
84.5%
Isaac
80%
Andrew
79.5%
Jacob
76.3%
Esau
76.2%
Barnabas
70.6%
Simon
66.8%
Abel
65.6%

You're not logged in!

Compare scores with friends on all Sporcle quizzes.
OR
Log In

Sporcle TV

Today on Sporcle TV


Watch our educational content, quiz creation guides, and fun videos on Sporcle TV.

Show Comments

Extras

Top Quizzes Today


Score Distribution

Your Account Isn't Verified!

In order to create a playlist on Sporcle, you need to verify the email address you used during registration. Go to your Sporcle Settings to finish the process.

Report this User

Report this user for behavior that violates our Community Guidelines.

Details: